000
00331nam a2200145Ia 4500
008
230711s9999||||xx |||||||||||||| ||und||
041
_a
ENG
082
_a
621
_b
SE-U
100
_a
Sears,A.P
245
0
_a
University Physics
250
_a
1st
260
_c
1985
_a
New Delhi
_b
Narosa Publishing House
650
_a
Physics
942
_c
BK
999
_c
727
_d
727